000 00986nam a2200229Ia 4500
008 0000002005 sp ad 0000000000mul00
090 _aPSP00 M17f
100 1 _aMarín Medina, José
245 1 0 _aFoTntajes pintados
_b: Jorge Galindo
_b:
_c/ texto de José Marín Medina ; traducción Lorraine Kerslake ; fotografías Oronoz
300 _a38 p.
_c/ 28 cm.
500 _aExposición realizada en la Galería Soledad Lorenzo de Madrid entre el 6 de septiembre al 8 de octubre de 2005 \ Incluye datos biográficos y cronología artística \ Texto en español e inglés
600 0 0 _a GALINDO, JORGE, 1965 /
_xTRABAJOS PICTORICOS
650 1 4 _a PINTURA ESPAÑOLA
650 1 4 _aARTE CONTEMPORANEO ESPAÑOL
650 1 4 _aARTISTAS PLASTICOS ESPAÑOLES
650 1 4 _xCATALOGOS
650 1 4 _xEXPOSICIONES
650 1 4 _aFOTOGRAFIA INTERVENIDA
650 1 4 _aFOTOGRAFIA Y PINTURA
999 _c13554
_d13554
260 _aMadrid : Galería Soledad Lorenzo
_c2005